| 000 | 01873nam0a2200409 4500 | ||
|---|---|---|---|
| 001 | RU\NLR\bibl\159408 | ||
| 005 | 20260407082746.0 | ||
| 010 |
_a5-201-13749-0 _9200 |
||
| 021 |
_aRU _b2000-45034 _92076 |
||
| 035 | _a(NLR Aleph) 000156358 | ||
| 090 |
_a898488 _c898488 |
||
| 100 | _a20010320d2000 |||y0rusy50 ca | ||
| 101 | 0 | _arus | |
| 102 | _aRU | ||
| 105 | _aa ||||||||| | ||
| 200 | 1 |
_aЕвропа на рубеже третьего тысячелетия: народы и государства _eСб. ст. _fРос. акад. наук, Ин-т этнологии и антропологии им. Н.Н. Миклухо-Маклая _gОтв. ред.: М.Ю. Мартынова, Н.Н. Грацианская |
|
| 210 |
_aМ. _cИЭА _d2000 |
||
| 215 |
_a310, [1] с. _d20 |
||
| 300 | _aРез. на англ. яз | ||
| 320 | _aБиблиогр. в примеч. в конце ст. | ||
| 607 |
_aЕвропейские страны _jСборники _xИстория _z1990-ые гг. _92175764 _3RU\NLR\auth\661308594 |
||
| 610 | 0 | _aЭтнология | |
| 610 | 0 | _aНациональная политика европейских стран | |
| 610 | 0 | _aЕвропа, соврем. полит. положение | |
| 675 |
_a323.1(4)(082) _v3 _zrus |
||
| 686 |
_a11.15 _2rugasnti |
||
| 686 |
_a66.5(4) _2rubbk |
||
| 686 | _aТ3(0)63я43 | ||
| 702 | 1 |
_4340 _7ca _8rus _aМартынова _bМ. Ю. _cд-р ист. наук, этнология _f1952- _gМарина Юрьевна _9113648 _3RU\NLR\AUTH\773655 |
|
| 711 | 0 | 2 |
_aИнститут этнологии и антропологии им. Н. Н. Миклухо-Маклая _cМосква _9290397 _3RU\NLR\AUTH\888945 |
| 801 | 0 |
_aRU _bRKP _c20010320 _gPSBO |
|
| 801 | 1 |
_aRU _bRKP _c20010320 |
|
| 801 | 2 |
_aRU _bNLR _c20090404 _grcr |
|
| 942 | _cBOOK | ||
| 980 | _aNB | ||